00338nam a2200109Ia 4500008004100000041001200041100002400053245009400077260003700171300000800208650001200216221030s9999 xx 000 0 und d aEnglish aIBS Business School 0aComprehensive Guide Series : CAREERS 360, 2015 B - School Almanaccby IBS Business School bPathfinder Pub.aNew Delhic2015 a304 aGeneral